000 02258cam a2200301 i 4500
001 17878931
005 20180813072356.0
008 130905s2014 mou b 001 0 eng
010 _a 2013036087
020 _a9780323100892 (two volume set, pbk. : alk. paper)
020 _a0323100899 (two volume set, pbk. : alk. paper)
020 _a9780323086783 (single volume, hardcover : alk. paper)
020 _a0323086780 (single volume, hardcover : alk. paper)
035 _a(DNLM)101616416
040 _aDNLM/DLC
_beng
_cDLC
_erda
_dDLC
041 _aeng
042 _apcc
060 1 0 _aWY 100
080 _a617..0231
082 0 0 _a617..0231
_223
100 1 _a2
101 _aNUR
245 1 0 _aMedical-surgical nursing :
_cSharon L. Lewis, RN, PhD, FAAN, Professor Emerita, University of New Mexico, Albuquerque, New Mexico, Former Castella Distinguished Professor, School of Nursing, University of Texas Health Science Center at San Antonio, San Antonio, texas, Developer and Consultant, Stress Busting Program for Family Caregivers, Shannon Ruff Dirksen, RN, PhD, FAAN, Associate Professor, College of Nursing and Health Innovation, Arizona State University, Phoenix, Arizona, Margaret McLean Heitkemper, RN, PhD, FAAN, Professor and Chairperson, Biobehavioral Nursing and Health Systems, Elizabeth Sterling Soule Endowed Chair in Nursing, School of Nursing, Adjunct Professor, Division of Gastroenterology, School of Medicine, University of Washington, Seattle, Washington, Linda Bucher, RN, PhD, CEN, CNE, Emerita Professor, School of Nursing, University of Delaware, Newark, Delaware, Consultant/Mentor, W. Cary Edwards School of Nursing, thomas Edison state College, Trenton, New Jersey, Per Diem Staff Nurse, Emergency Department, Virtua Memorial Hospital, Mt. Holly, New Jersey ; special editor, Mariann M. Harding, RN, PhD, CNE, Associate Professor of Nursing, Kent State University at Tuscarawas, New Philadelphia, Ohio.
504 _aIncludes bibliographical references and index.
906 _a7
_bcbc
_corignew
_d1
_eecip
_f20
_gy-gencatlg
942 _2ddc
_cBK
999 _c47039
_d47039